000 00736nam a2200229Ii 4500
003 JO-AjNU
008 230606s9999||||xx |||||||||||||| ||und||
020 _a1-85355-249-6
040 _aJO-AjNU
_beng
_erda
_cJO-AjNU
041 _aeng
050 1 4 _aHF5681 1992
100 3 _aChopping,David ؛ consultant: Len Skerratt,
_eauthor
_93454
245 0 0 _aApplying Gaap 1992/1993: A Practical Guide to Financial Reporting
250 _a1 ed
264 3 1 _aEngland: Institute of Chartered Accountants,1992
300 _a633p
_b Includes indexes(p623-633)
336 _atext
_btxt
_2rdacontent
337 _aunmediated
_bn
_2rdamedia
338 _avolume
_bnc
_2rdacarrier
490 0 _aAccountancy books
650 4 _aApplying Gaap
_93455
999 _aE1803
_c1803
_d1803